| 000 | 01029nam a22003017a 4500 | ||
|---|---|---|---|
| 003 | CHAP | ||
| 005 | 20220329141730.0 | ||
| 008 | 971013s1988 r 00010 d | ||
| 010 | _a72959 | ||
| 011 | _a73931 | ||
| 035 | _a83489 | ||
| 040 | _cCHAP | ||
| 082 |
_a633.18 _bI63 |
||
| 110 |
_aInternational Rice Research Institute _959779 |
||
| 245 |
_aVector-borne disease control in humans through rice agroecosystem management _b: proceedings |
||
| 260 |
_aPhillippines : _bInternational Rice Research Institute, _c1988 |
||
| 300 |
_a237 p. _b; gráfs. |
||
| 590 |
_aBATCH-UPD _b10 _c20130110 _lUCH01 _h2016 |
||
| 590 |
_aBATCH-UPD _b10 _c20130410 _lUCH01 _h1334 |
||
| 590 |
_aBATCH-UPD _b10 _c20130914 _lUCH01 _h0411 |
||
| 590 |
_aCONVERSION _b10 _c20130109 _lUCH01 _h1340 |
||
| 650 | 1 | 4 |
_aArroz _xInvestigación. _97624 |
| 650 | 1 | 4 |
_aArroz _xPlagas. _97643 |
| 650 | 1 | 4 |
_aInsectos como transmisores de contagio. _958955 |
| 901 | _aBK | ||
| 942 | _cLIBRO | ||
| 949 |
_a633.18 I63 _bBC _cLIBRO _d33724000217758 _eLIBRO _h86627 _i83489 _mD _si |
||
| 999 |
_c72959 _d72959 |
||